The Philosophical Colony: Writing the History of Philosophy in the Eighteenth and Nineteenth Centuries /

In the eighteenth and nineteenth centuries, ethnologists, linguists, historians, and especially historians of philosophy identified other "cultures," which they distinguished from the West in order to subject them to empirical study. Consequently, Europe was conceived as the unique territo...

وصف كامل

محفوظ في:

المؤلف الرئيسي: König-Pralong, Catherine (مؤلف)

التنسيق: كتاب الكتروني

اللغة: English

منشور في: Leiden ; Boston : BRILL, 2026.

سلاسل: Brill's Series in Philosophical Historiographies ; 4.
Religious Studies, Theology and Philosophy E-Books Online, Collection 2026.

الموضوعات:

الوصول للمادة أونلاين: Login to view Source

الوسوم: إضافة وسم

لا توجد وسوم, كن أول من يضع وسما على هذه التسجيلة!

رقم الطلب: PZ7.S588

LEADER 04946nam a22004938i 4500
001 BRILL9789004721432
003 nllekb
005 20260324115025.0
006 m d
007 cr un uuuua
008 251218s2026 gw sb 001 0 eng d
020 |a 9789004721432  |q (electronic book) 
020 |z 9789004721425  |q (print) 
024 7 |a 10.1163/9789004721432  |2 DOI 
040 |a NL-LeKB  |c NL-LeKB  |e rda 
041 |a eng 
050 4 |a PZ7.S588 
072 7 |a PHI  |x 019000  |2 bisacsh 
072 7 |a SOC  |x 000000  |2 bisacsh 
072 7 |a HPS  |2 bicssc 
082 0 4 |a 100  |2 23 
245 1 4 |a The Philosophical Colony: Writing the History of Philosophy in the Eighteenth and Nineteenth Centuries /  |c Catherine König-Pralong. 
264 1 |a Leiden ;  |a Boston :  |b BRILL,  |c 2026. 
264 4 |c ©2026 
300 |a 1 online resource (220 pages) :  |b illustrations. 
336 |a text  |b txt  |2 rdacontent 
337 |a computer  |b c  |2 rdamedia 
338 |a online resource  |2 rdacarrier 
490 1 |a Brill's Series in Philosophical Historiographies ;  |v 4 
490 1 |a Religious Studies, Theology and Philosophy E-Books Online, Collection 2026 
504 |a Includes bibliographical references and index. 
505 0 |t Contents -- Preface to the English Translation -- Origin -- Introduction --  1 The Philosophical Colony --  2 Territorialising Cultures, Colonising Pasts --  3 A History of Knowledge with Ideas --  4 An Interdisciplinary History of the History of Philosophy -- 1 Modern Philosophical Reason and Its Historians (173-183) --  1 The Philosophy of Historians of Philosophy --  2 The Sense of Self of Historians of Philosophy --  3 Judge and Ethnographer --  4 Professor and Pioneer --  5 Genealogist and Evangelist -- 2 The Historian's Subjectivity in Question (183-188) --  1 The Dual Nature of the Scientific Self --  2 Historian of His Own Subjectivity --  3 Fallibilist and Self-Analyst --  4 A Performer, Leader of a School of Thought, and Politician --  5 Temporalisation, Historicisation, and Self-Analysis -- 3 Otherness, Race, and Hybridisation. The Naturalised History of Philosophy --  1 Othering Arabic Thought --  2 Europe as Philosophy's Biotope --  3 The Figure of the Arab in the Eighteenth- and Nineteenth-Century History of Philosophy --  4 The Natural and Comparative History of Philosophy --  5 Comparing and Excluding: Arabs and Other Orientals -- 4 Philosophical and Linguistic Genealogy: From Modern French to Scholastic Latin --  1 Classical French and Scholastic Latin --  2 Linguistics and Nationalism --  3 French Scholasticism Versus German Mysticism --  4 French Modernity: Scholastic and Analytical --  5 Analytical Syntax Inherited from Scholasticism --  6 An Anti-German Modernity --  7 The Prosaic Yoke of Reason --  8 The Analytical Clarity of French --  9 The Cultural Conditioning of the Historiography of Philosophy -- 5 Philosophy as Nature and Culture --  1 Europe's Philosophical Nature and Culture --  2 The Europeanisation of Philosophy --  3 Philosophy as Historical Consciousness and Self-Examination --  4 Acceleration and Speed --  5 A Secularised Christian Culture --  6 The Philosophical Province -- 6 Geography Against Psychology: Jules Michelet and Victor Cousin --  1 From Universal History to the Spatial Turn --  2 Cousin's and Michelet's Maps of Civilisation --  3 Cousin: The Centrality of Philosophy --  4 Michelet and Cousin --  5 Late Michelet: Germanic and Eastern Decentralisation --  6 Michelet and the History of Philosophy -- Conclusion -- Bibliography -- Index. 
520 |a In the eighteenth and nineteenth centuries, ethnologists, linguists, historians, and especially historians of philosophy identified other "cultures," which they distinguished from the West in order to subject them to empirical study. Consequently, Europe was conceived as the unique territory of philosophy, analytical rationality, and reflexive thinking. This book offers an interdisciplinary history of the history of philosophy and investigates how the scientific imagination was constructed in the West. It contributes to debates on the ideological assumptions and political aims of the European social sciences and humanities. 
546 |a English 
588 |a Description based on print version record. 
650 0 0 |a Philosophy. 
650 0 0 |a Social & Political Philosophy. 
650 0 0 |a Anthropology. 
100 1 |a König-Pralong, Catherine,  |e author. 
776 0 8 |i Print version:  |t The Philosophical Colony: Writing the History of Philosophy in the Eighteenth and Nineteenth Centuries.  |d Leiden ; Boston : BRILL,2026.  |z 9789004721425  |w (OCoLC)1541920480 
830 0 |a Brill's Series in Philosophical Historiographies ;  |v 4. 
830 0 |a Religious Studies, Theology and Philosophy E-Books Online, Collection 2026. 
856 4 |z DOI:  |u http://dx.doi.org/10.1163/9789004721432 
999 |c 61977  |d 61977